000 00419nam a2200157 4500
001 111170
003 ES-MaACL
005 20230906185245.0
007 t|
008 061121s1916 ag r ||||1| spa d
100 1 _aOlascoaga, Laurentino.
_986665
245 1 0 _aInstrucción cívica /
_cLaurentino Olascoaga.
260 _aBuenos Aires :
_b[s.n.],
_c1916.
300 _a190 p. ;
_c20 cm.
852 _aES-MaACL
_jD-1355
999 _c111170
_d111170